|
|
|
|
| LEADER |
01489nam a2200313 a 4500 |
| 001 |
43628 |
| 003 |
BD-DhAAL |
| 005 |
20241027135750.0 |
| 008 |
241027t1987 paua b 100 0 eng d |
| 010 |
|
|
|a 87183160
|
| 020 |
|
|
|a 0877625255
|
| 040 |
|
|
|a DLC
|c DLC
|d DLC
|d BD-DhAAL
|
| 050 |
0 |
0 |
|a TP1175.S6
|b I57 1985
|
| 082 |
0 |
0 |
|a 667.9
|
| 111 |
2 |
|
|a International Conference in Organic Coatings Science and Technology
|n (11th :
|d 1985 :
|c Athens, Greece)
|9 15384
|
| 245 |
1 |
0 |
|a Eleventh International Conference in Organic Coatings Science and Technology :
|b proceedings, presented in Athens, Greece, July 8-12, 1985 /
|c edited by Angelos V. Patsis.
|
| 260 |
|
|
|a Lancaster :
|b Technomic,
|c c1987.
|
| 300 |
|
|
|a vi, 199 pages :
|b illustrations ;
|c 29 cm
|
| 490 |
|
|
|a Advances in organic coatings science and technology series ;
|v 9
|
| 504 |
|
|
|a Includes bibliographical references.
|
| 541 |
|
|
|a Donation from the Asia Foundation/Savar Campus Library
|e 43628
|
| 650 |
|
0 |
|a Plastic coatings
|x Congresses.
|9 15385
|
| 650 |
|
0 |
|a Biotechnology.
|
| 700 |
1 |
|
|a Patsis, Angelos V.
|9 15386
|
| 830 |
|
|
|a Advances in organic coatings science and technology series ;
|v 9
|9 57050
|
| 852 |
|
|
|a Ayesha Abed Library
|
| 942 |
|
|
|2 ddc
|c BK
|
| 999 |
|
|
|c 47061
|d 47061
|
| 952 |
|
|
|0 0
|1 0
|2 ddc
|4 0
|6 667_900000000000000_ELE
|7 0
|9 76820
|a SCL
|b SCL
|c GEN
|d 2024-10-27
|e Donation from the Asia Foundation/Savar Campus Library
|l 0
|o 667.9 ELE
|p 3020043628
|r 2024-10-27
|t 1
|w 2024-10-27
|y BK
|x Donation from the Asia Foundation/Savar Campus Library
|